Top 20 Most Spoken Languages In The World - Statistics

General Stats
  • This quiz has been taken 114 times
  • The average score is 12 of 20
Answer Stats
Hint Answer % Correct
1. English
99%
4. Spanish
98%
5. French
88%
3. Hindi
88%
8. Russian
84%
6. Arabic
83%
12. German
82%
9. Portuguese
82%
13. Japanese
74%
10. Urdu
59%
19. Cantonese/Yue
52%
17. Turkish
52%
20. Vietnamese
51%
7. Bengali
48%
11. Indonesian
44%
2. Mandarin Chinese
39%
18. Tamil
28%
15. Marathi
17%
14. Nigerian
5%
16. Telugu
0%
No matching quizzes found
Score Distribution
Percent of People with Each Score
Percentile by Number Answered
Your Score History
You have not taken this quiz